Videospiele mit einem Hinweis #1 - Statistiken

Allgemein
  • Dieses Quiz wurde 13.406 mal gespielt
    11.324 seit der letzten Aktualisierung
  • Das Durchschnittsergebnis liegt bei 8 aus 20
Antwortstatistiken
Hinweis Videospiel(reihe) % Korrekt
Man fängt Kreaturen, die man trainieren und gegeneinander kämpfen lassen kann Pokémon
97%
Es wird das Leben von einem oder mehreren Menschen simuliert Die Sims, inZoi
64%
Der Protagonist ist ein Gesetzloser im Wilden Westen im Jahr 1899 Red Dead Redemption 2
55%
Man muss als "Jumpman" den Fässern eines Gorillas ausweichen Donkey Kong
54%
Spielt sich im Königreich Hyrule ab The Legend of Zelda
49%
Fußballsimulation von Konami Pro Evolution Soccer
48%
Viele verschiedene Nintendo Charakter kämpfen gegeneinander Super Smash Bros.
47%
Man baut einen Freizeitpark Rollercoaster Tycoon, Planet Coaster, Parkitect, Theme Park
46%
Ein Erwachsener und ein Kind ziehen zusammen durch eine postapokalyptische Welt The Last of Us
44%
Man muss als Archäologin Artefakte finden Tomb Raider
39%
In dieser Spielreihe wird der Konflikt zweier Orden durch die Geschichte verfolgt Assassin’s Creed
38%
Man spielt einen lilanen Drachen Spyro
34%
Der Protagonist Nathan ist ein Schatzsucher Uncharted
34%
Der Hauptcharakter der Spielereihe ist ein Beuteldachs Crash Bandicoot
28%
Der/Die Protagonist/in wird als "Drachenblut" bezeichnet The Elder Scrolls V: Skyrim
23%
Man spielt in der Steinzeit ein Mitglied des Wenjastammes Far Cry Primal
17%
Little Sisters werden von Big Daddies begleitet Bioshock
15%
Die Protagonistin kann die Zeit zurückspulen Life is Strange
15%
Ein Mörder wird als "Origami-Killer" bezeichnet Heavy Rain
14%
Der afroamerikanische Protagonist wird von Freunden verraten und schwört Rache GTA San Andreas
7%
Keine übereinstimmenden Quizze gefunden
Verteilung der Resultate
Anzahl Personen mit jedem Resultat
Perzentil nach korrekt beantworteten Fragen
Ihre Resultats-Entwicklung
Sie haben dieses Quiz seit der letzten Aktualisierung nicht gespielt